000 00301nam a22001337a 4500
999 _c529043
_d529043
003 NUST
038 _aMSOHAIL
082 _a620.1366
100 _aJan. G.M.Vanmier
_920913
245 _aFracture process of concrete
260 _aLondon
_bCRC Press
_c1996
300 _a448,p;
_c27cm
942 _2ddc
_cBK